000 01264nam a2200217Ia 4500
003 Ost
005 20260507075739.0
008 260507s9999||||xx |||||||||||||| ||und||
020 _a9770111375
040 _cfsecg
041 _aara
082 _a1.4
100 _aوصفي، عماد الدين
_eمؤلف
245 0 _aطرق ومناهج البحث العلمي في الادارة و العلوم الأخرى /
_c عماد الدين وصفي
260 _aالاسكندرية:
_bمنشأة المعارف,
_c[د.ت.]
300 _a321 صفحة؛
_bإيضاحات ؛
_c24 سم
520 _aالبحث العلمي ونشأة العلم،أساسيات البحث العلمي،طرق جمع البيانات،خطوات عمل البحث،تحديد المشكلة،الإفتراضات النظرية،مبادئ الإحصاء،تطويع الصفات للقياس والمقاييس،أخذ العينات وأنواعها،التصميم العلمي للبحوث،طرق جمع البيانات الأساسية،تحليل البيانات،تقرير البحث،كتابة البحث،العلوم البحتة والبيولوجية والهندسية
653 _aالإدارة
653 _aالبحث العلمي
942 _cكتاب
999 _c46120
_d46120